000 00498nam a2200205Ia 4500
003 OSt
005 20240123101514.0
008 210210b1903 xxu||||| |||| 00| 0 eng d
040 _cAL
041 _aeng
082 _a821/191
100 _aDANTE
_9148800
245 _aPurgatorio: Longfellow
260 _aLondon
_bJ M Dent and Company
_c1903
650 _aPurgatorio:
_9148801
650 _aLongfellow
_9148802
690 _aEnglish Literature
_9148803
906 _a011360
942 _2ddc
_cBK
999 _c130035
_d130035